000 01112 a2200241 4500
005 20080923102855.0
008 080923t xxu||||| |||| 00| 0 hin d
010 _aHIN-81364
020 _c100.00
035 _aHN-53710
037 _bD.B.Act / Pub
082 _a822
100 _aश्रीवास्तव,विनय
245 _aएक दूजे के लिए /
_cविनय श्रीवास्तव
246 _aEk Dooje ke liye
_bBy-Vinay Shreewastev
260 _aदिल्ली
_bगंगा प्रकाशन
_c2006
270 _a518/6-बी,कडकडी रोड,विशवास नगर,शाहदरा
_bदिल्ली
_e110032
300 _a96पृ
_c22सेमी(सजिल्द)
650 _aहिन्दी नाटक
650 _aHindi Play
942 _adpl
_cHN
_k822 / श्रीवास्त
_2ddc
_h822
_mश्रीवास्त
999 _c8275
_d8275